Pokémon - Personnages de la 5g - Statistiques

Statistiques générales
  • Ce quiz a été pris 184 fois
  • Le résultat moyen est 24 sur 40
Statistiques - réponses
Par images Réponse % Correct
Natural Harmonia Gropius
100%
Tcheren
97%
Iris
94%
Bianca
92%
Ghetis Harmonia Gropius
87%
Inezia
87%
Rachid
85%
Bardane
81%
Zhu
80%
Nikolaï
79%
Artie
76%
Goyah
75%
Noa
75%
Watson
75%
Armando
74%
Professeure Keteleeria
72%
Spruce Keteleeria
72%
Carolina
71%
Strykna
70%
Aloé
65%
Kunz
63%
Matis
61%
Trio des Ombres
60%
Pieris
57%
Anis
53%
Amana
48%
Ludwig
46%
Chamsin
39%
Chammal
38%
Guajava
38%
Écho
37%
Oryse
37%
Mélis
36%
Ludvina
35%
Professeur Pimprenelle
31%
Lilien
28%
Vénus & Colombe
22%
Carmine
21%
Julien
17%
Brenda
11%
Aucun quiz correspondant
Distribution des résultats
% des personnes avec chaque résultat
Percentile par nombre de réponses
Votre historique - résultats
Vous n’avez pas pris ce quiz